| 000 | 00577nam a2200205Ia 4500 | ||
|---|---|---|---|
| 003 | OSt | ||
| 005 | 20230630150725.0 | ||
| 008 | 210423s9999 xx 000 0 und d | ||
| 040 | _cAL | ||
| 041 | _aeng | ||
| 082 |
_a305.5 SHAC _223 |
||
| 100 |
_aSHANDILYA (Tapan Kumar);KHAN (Shakeel Ahmed) _9121805 |
||
| 245 | _aChild labour:a global challenge | ||
| 260 |
_bDeep and deep publication _aNew Delhi _c2004 |
||
| 365 |
_b400 _cINR |
||
| 650 |
_aSocial Classes _9121806 |
||
| 650 |
_aSociology _9121807 |
||
| 906 | _achallenge ; Child ; global ; labour:a | ||
| 942 |
_2ddc _cBK |
||
| 999 |
_c173868 _d173868 |
||